Bundesliga 2023/24 - Statistics

General Stats
  • This quiz has been taken 73 times
  • The average score is 16 of 18
Answer Stats
Standings Team W D L GF GA Pts % Correct
3rd Bayern Munich 23 3 8 94 45 72
100%
5th Dortmund 18 9 7 68 43 63
99%
Champions Leverkusen 28 6 0 89 24 90
99%
6th Eintracht Frankfurt 11 14 9 51 50 47
96%
2nd VFB Stuttgart 23 4 7 78 39 73
96%
4th RB Leipzig 19 8 7 77 39 65
94%
17th Koln 5 12 17 28 60 27
93%
15th Union Berlin 9 6 19 33 58 33
93%
7th Hoffenheim 13 7 14 66 66 46
88%
12th Wolfsburg 10 7 17 41 56 37
88%
9th Werder Bremen 11 9 14 48 54 42
84%
8th Heidenheim 10 12 12 50 55 42
81%
16th VFL Bochum 7 12 15 42 74 33
81%
14th Monchengladbach 7 13 14 56 67 34
79%
13th Mainz 7 14 13 39 51 35
78%
11th Augsburg 10 9 15 50 60 39
73%
18th Darmstadt 3 8 23 30 86 17
73%
10th SC Freiburg 11 9 14 45 58 42
73%
No matching quizzes found
Score Distribution
Percent of People with Each Score
Percentile by Number Answered
Your Score History
You have not taken this quiz